Statystyki dla 8 planet w 30 sekund

Kliknij tutaj aby rozwiązać quiz!

Ogólne statystyki

  • Ten quiz został rozwiązany 350 razy
  • Średni wynik to 7 z 8

Statystyki odpowiedzi

Planeta% Poprawnych
Ziemia
99%
Mars
97%
Saturn
93%
Jowisz
92%
Neptun
89%
Uran
87%
Merkury
86%
Wenus
84%

Rozkład punktacji

Percentyl według liczby udzielonych odpowiedzi

Procent ludzi z każdym wynikiem

Twoja historia wyników

Nie rozwiązałeś tego quizu